John Fawkner College quiz - Statistics

General Stats
  • This quiz has been taken 6 times
  • The average score is 12 of 15
Answer Stats
Question Answer % Correct
In what year did Kaidyn Tucker join John Fawkner College 2019
100%
Which Teacher now works at copperfield college Ercan Hasip
100%
which teacher bought us KFC in the final week of year 7 claudia freya
80%
which teacher has Koh Samaui as there laptop backround Graham Mckee
80%
which teacher uses the quote " conflict occurs when there is a lack of communication " Graham Mckee
80%
which teacher got coffee spilt on by Kaidyn and joseph James Tonna
80%
which teacher left and said they were coming back but never returned Kieran Mcdowell
80%
who stepped on the cake in the team bus after winning Kanga cup Mr Waljarin
80%
where was the year 11 swimming carnival Oak Park
80%
which teacher has a nipple piercing Paul Castelli
80%
Which Student locked Ms Diakoumakas out of the classroom Sharmarke
80%
who was the replacement english teacher in term 3 2017 when we where in year 7 Adrian Azopardi
60%
who got the red card in the 2021 SSV final vs Keilor Downs Linus Bourke
60%
which teacher said that atticus was not italian Mr Nardo
60%
which teacher lived in Ballarat Peter O Rourke
60%
No matching quizzes found
Score Distribution
Percent of People with Each Score
Percentile by Number Answered
Your Score History
You have not taken this quiz